تحميل...

Foundations of electromagnetic theory

التفاصيل البيبلوغرافية
المؤلف الرئيسي: Reitz, John R; Milford, Frederick J
التنسيق: Printed Book
منشور في: Narosa Publishing House, New Delhi 1978
الطبعة:2
الموضوعات:
LEADER 00540nam a2200193 4500
020
082 |a 530.141 REI-F2 
100 |a Reitz, John R; Milford, Frederick J 
245 |a Foundations of electromagnetic theory 
250 |a 2 
260 |a Narosa Publishing House, New Delhi  |c 1978 
300 |a 435 
490
500
590 |a rvr 
650 |a Electromagnetic theory 
942 |c BK 
999 |c 80677  |d 80677 
952 |0 0  |1 0  |4 0  |6 530_141000000000000_REIF2  |7 0  |9 94145  |a PHY  |b PHY  |l 0  |o 530.141 REI-F2  |p PHY02358  |r 2019-09-24  |w 2019-09-24  |y BK